| 000 | 00433 a2200145 4500 | ||
|---|---|---|---|
| 020 | _a8126903589 | ||
| 040 |
_aDLC _bDLC |
||
| 082 | _a428.007 | ||
| 100 | _aSinha, M. P. | ||
| 245 |
_aResarch methods in English _cM. P Sinha. |
||
| 260 |
_aNew Delhi : _bAtlantic Publishers & Distributors, _c2004. |
||
| 300 |
_avi, 135 p. ; _c 24 cm. |
||
| 650 | _aEnglish Language--Study and teaching--Foreign speakers. | ||
| 942 |
_cBK _k428.007 SIN _2ddc |
||
| 999 |
_c7431 _d7431 |
||